Fumaȧ do bom direito Ensaios de Filosofia e Teoria do Direito /

Detalles Bibliográficos
Autor principal: Luiz Fernando, Coelho
Formato: eBook
Lenguaje:portugués
Publicado: Curitiba: Bonijuris, 2011
Materias:
Acceso en línea:Acceso restringido

MARC

LEADER 00000nam a22000007a 4500
005 20150811001442.0
007 cr|||| ||||
008 150811s2011 br |||||s|||| 00||0 por d
020 |a 978-85-8092-000-0 
035 |a 12770 
040 |a vLex 
090 |c 5510  |d 5510 
100 1 |a Luiz Fernando, Coelho 
245 1 0 |a Fumaȧ do bom direito  |h [Recurso electrn̤ico] :  |b Ensaios de Filosofia e Teoria do Direito /  |c Coelho Luiz Fernando 
256 |a Servicio en ln̕ea 
260 |a Curitiba:  |b Bonijuris,  |c 2011 
300 |a 1 recurso electrn̤ico 
506 1 |a Disponible solo en los productos indicados  |d vLex Global  |d vLex Global (Academic Edition, excluding Law Schools)  |d vLex Global (U.S. Academic Edition, Law Schools)  |d vLex Global (U.S. Academic Edition, excluding Law Schools)  |d vLex Global (Academic Edition, Law Schools) 
650 0 4 |a Derecho Constitucional  |z Brasil 
740 0 |a vLex Libros (Servicio en ln̕ea) 
856 4 0 |u http://vlex.com/source/fuma-a-bom-direito-ensaios-filosofia-teoria-direito-12770  |z Acceso restringido 
942 |c BOOK 
999 0 |a Constitutional Law